000 11552 aa a2200745 4500
005 20090529144536.0
010 _aHIN-86693
020 _a9788178127422
_c95.00
035 _aHN-59039
037 _bDBAD / PUB
037 _bरमेश पब्लिशिंग हाउस / PUB
082 _a000
245 _aआर गुप्ता कृत पॉपुलर मास्टर गाइड ई.एस.आई.सी. कर्मचारी राज्य बीमा निगमयएल.डी.सी./स्टेनो परीक्षा /
246 _aR. Gupta krita popular master guide E.S.I.C. Karamcharii Rajya Bima Nigam L.D.C./ Steno pariikshaa
260 _aनई दिल्ली
_bरमेश पब्लिशिंग हाउस
_c2011
270 _a12-एच, न्यू दरियागंज रोड, ट्रैफिक कोतवाली के सामने
_bनई दिल्ली
_cदिल्ली
_e110002
300 _a236पृ.
_c25सेमी (अजिल्द)
650 _aसामान्य ज्ञान
_xपरीक्षायें
_xअध्ययन गाइड
_923361
650 _aGeneral knowledge
_xExaminations
_xStudy guide
_923362
942 _adpl
_cHN
_2ddc
_mआरगु
_h000
999 _c26980
_d26980